01223nam a22002297a 450000500170000000800410001702000150005804000070007304100080008008200210008810000200010924500520012926000290018130000280021036500240023852006450026265000190090765000120092665000170093865000160095570000220097120211113101432.0211113b ||||| |||| 00| 0 eng d a0470057657 cAL aeng 223a954.03bGANG aRajmohan Gandhi aGhaffar Khan: Nonviolent Badsha of the Pakhtuns aNew DelhibPenguinc2004 axi,300p.bHBc19x13 cm. b325.00c₹d325.00 aThe unsung hero of the freedom struggle and a true Gandhian to the core who's charisma wasn't diminished even by the fetters of prison or the vagaries of age. We as Indians will always look at him with an apology for our dereliction at a crucial juncture in the history of the subcontinent. A personality of whom each thinking individual must know and Rajmohan Gandhi sir with his in-depth and insightful knowledge of history has done a commendable job of bringing out the biography of a man who truly lives up to his title of Badshah Khanuhttps://books.google.co.in/books?id=xnTtQrRVNKAC&printsec=copyright&redir_esc=y#v=onepage&q&f=false aIndian History aHistory aNationalists aPoliticians aGANDHI (Rajmohan)